Reinventing comics : [how imagination and technology are revolutionizing an art form]
Saved in:
| Main Author: | |
|---|---|
| Format: | Book |
| Language: | English |
| Published: |
[New York] :
[Perennial],
[c2000]
|
| Subjects: | |
| Tags: |
Add Tag
No Tags, Be the first to tag this record!
|
MARC
| LEADER | 00000nam a2200000 i 4500 | ||
|---|---|---|---|
| 001 | 1/60239 | ||
| 008 | 071024s2000 eng d | ||
| 020 | |a 0-06-095350-0 | ||
| 035 | |l 10091797 | ||
| 040 | |a GR-MY-UA |b gre |e aacr | ||
| 041 | 0 | |a eng | |
| 082 | 0 | |a 741.569 |2 (22) | |
| 100 | 1 | |a McCloud, Scott |d 1960- | |
| 245 | 1 | 0 | |a Reinventing comics : |b [how imagination and technology are revolutionizing an art form] / |c Scott McCloud |
| 260 | |a [New York] : |b [Perennial], |c [c2000] | ||
| 300 | |a 237 σ.; |b εικ.; |c 26 εκ. | ||
| 504 | |a Περιλαμβάνει ευρετήριο | ||
| 650 | 0 | 0 | |a Comic books, strips, etc. |x Technological innovations. |
| 650 | 0 | 0 | |a Comic books, strips, etc. |x History and criticism. |
| 852 | |a INST |b RHODES |e 20071024 |h 741.569 MCC |p 005400025376 |q 005400025376 |t BK |y 0 | ||
| 901 | |a BIBL4-2007-3 | ||
| 909 | |a Ρ |b 139527 | ||
| 922 | |a 4ΕΛΗ |b 200709 |c ΕΠΕΑΕΚ2/ΠΤΔΕ |d ΠΑΠΑΣΩΤΗΡΙΟΥ | ||
| 970 | |a ΧΑΡΙΟΠΟΛΙΤΟΥ |b ΚΩΝΣΤΑΝΤΙΝΑ |z 2007/10/24 | ||